000 01041nam a2200325 i 4500
001 000020457
003 DO-SdBNP
005 20260428073715.0
007 ta
008 251104e2012 dr er 000 j spa d
020 _a9789264171079 [pdf]
040 _aDO-SdBNP
_bspa
_cBNPHU
_erda
041 _aspa
082 4 _axxx
_bE921
_222
111 2 _aPremio Joven de Cuento Feria del Libro
_d(2015 :
_cSanto Domingo)
_943128
245 1 3 _aEvaluaciones de politicas nacionales de educación :
_bla educación superior en la República Dominicana 2012
264 _aSanto Domingo :
_bOCDE,
_c2012
300 _a185 páginas ;
_c24 cm.
336 _ardacontent
_btexto
_2txt
337 _ardamedia
_bsin mediación
_2n
338 _ardacarrier
_bvolumen
_2nc
590 _aInventariado, 2025/DG
650 0 _aCuentos dominicanos
_9176
650 0 _aLiteratura dominicana.
_967
650 4 _aCertámenes literarios
_91541
650 0 _aPremios literarios
_91542
700 1 _aOrtíz Pérez, Ariel
_943130
910 _aDG
942 _2ddc
_cLBS1
999 _c60007
_d60007